| 000 | 00701cam a22002533a 4500 | ||
|---|---|---|---|
| 001 | 71 | ||
| 003 | PGUSA | ||
| 005 | 20140828082943.0 | ||
| 008 | 930601s1993||||xxu|||||s|||||000 | eng d | ||
| 040 |
_aPGUSA _beng |
||
| 042 | _adc | ||
| 050 | 4 | _aPS | |
| 050 | 4 | _aHM | |
| 100 | 1 |
_aThoreau, Henry David, _d1817-1862 |
|
| 245 | 1 | 0 |
_aOn the Duty of Civil Disobedience _h[electronic resource] / _cHenry David Thoreau |
| 260 |
_bProject Gutenberg, _c1993 |
||
| 506 | _aPublic domain in the USA. | ||
| 516 | _aElectronic text | ||
| 653 | _aCivil disobedience | ||
| 653 | _aGovernment, Resistance to | ||
| 830 | 0 |
_aProject Gutenberg _v71 |
|
| 856 | 4 | 0 | _uhttp://www.gutenberg.org/ebooks/71 |
| 942 | _cEB | ||
| 999 |
_c229442 _d229442 |
||